Thinking German translation : a course in translation method : German to English

Сохранить в:
Библиографические подробности
Главный автор: ROGERS, Margaret
Формат:
Язык:английский
Опубликовано: Routledge 2020
Метки: Добавить метку
Нет меток, Требуется 1-ая метка записи!

MARC

LEADER 00000nam a22000007a 4500
008 240918b |||||||| |||| 00| 0 eng d
020 |a 9781138920989 
100 |a ROGERS, Margaret 
245 |a Thinking German translation  |b : a course in translation method : German to English  |c /Margaret Rogers and Michael White  |g xiv, 256p. ;ill 
250 |b 3rd 
260 |b Routledge  |c 2020  |h London  |i 702169  |i 702170  |l PF3498.R63  |m Germa language- Translating into English 
500 |a it includes references and index 
942 |a lcc  |c BK  |e Johnson  |f 18/09/24 
952 |0 0  |1 0  |2 lcc  |4 0  |6 PF3498 R63  |7 0  |9 5574  |a ART  |b HOL  |c LP  |d 2024-09-18  |l 0  |o PF3498.R63  |p 2024-0812  |r 2024-09-18 00:00:00  |t 702169  |w 2024-09-18  |y BK 
952 |0 0  |1 0  |2 lcc  |4 0  |6 PF3498 R63  |7 0  |9 5575  |a HOL  |b HOL  |c LP  |d 2024-09-18  |l 0  |o PF3498.R63  |p 2024-0813  |r 2024-09-18 00:00:00  |t 702170  |w 2024-09-18  |y BK 
999 |c 2750  |d 2750